<?xml version="1.0" encoding="UTF-8"?><?xml-stylesheet type="text/xsl" href="static/style.xsl"?><OAI-PMH xmlns="http://www.openarchives.org/OAI/2.0/" xmlns:xsi="http://www.w3.org/2001/XMLSchema-instance" xsi:schemaLocation="http://www.openarchives.org/OAI/2.0/ http://www.openarchives.org/OAI/2.0/OAI-PMH.xsd"><responseDate>2026-04-13T01:58:43Z</responseDate><request verb="GetRecord" identifier="oai:www.recercat.cat:2117/375060" metadataPrefix="marc">https://recercat.cat/oai/request</request><GetRecord><record><header><identifier>oai:recercat.cat:2117/375060</identifier><datestamp>2025-07-23T02:29:33Z</datestamp><setSpec>com_2072_1033</setSpec><setSpec>col_2072_452951</setSpec></header><metadata><record xmlns="http://www.loc.gov/MARC21/slim" xmlns:dcterms="http://purl.org/dc/terms/" xmlns:xsi="http://www.w3.org/2001/XMLSchema-instance" xmlns:doc="http://www.lyncode.com/xoai" xsi:schemaLocation="http://www.loc.gov/MARC21/slim http://www.loc.gov/standards/marcxml/schema/MARC21slim.xsd">
   <leader>00925njm 22002777a 4500</leader>
   <datafield ind2=" " ind1=" " tag="042">
      <subfield code="a">dc</subfield>
   </datafield>
   <datafield ind2=" " ind1=" " tag="720">
      <subfield code="a">Abdul Karim Derbas, Racha</subfield>
      <subfield code="e">author</subfield>
   </datafield>
   <datafield ind2=" " ind1=" " tag="260">
      <subfield code="c">2022-06-30</subfield>
   </datafield>
   <datafield ind2=" " ind1=" " tag="520">
      <subfield code="a">Aquest projecte pretén analitzar el millor enfocament dels residus industrials tèxtils de cotó generats a través d'una planta de tractament d'aigües residuals en termes de sostenibilitat i economia circular.</subfield>
   </datafield>
   <datafield ind2=" " ind1=" " tag="520">
      <subfield code="a">Este proyecto tiene como objetivo analizar el mejor enfoque para los residuos industriales textiles de algodón generados a través de una planta de tratamiento de aguas residuales en términos de sostenibilidad y economía circular.</subfield>
   </datafield>
   <datafield ind2=" " ind1=" " tag="520">
      <subfield code="a">Textile industrial process have been increasing along the population’s growth. Water is used as a&#xd;
primary resource in the manufacturing process, being involved in the wet processing stages. The&#xd;
amount of water that goes into the process is considerably high and as a result wastewater is produced.&#xd;
Wastewater treatment plants (WWTP) are responsible for purifying the effluent generated by this&#xd;
industrial sector. Taking this into account, this project aim to analyze qualitative and quantitative a&#xd;
cotton textile company that produces 600 m3 of wastewater and 127.743 kg of dry sludge daily. The&#xd;
effluent treated is dispersed in water bodies and the sludge generated is sent to the landfills. A more&#xd;
sustainable choice of management is proposed for both the treated effluent and the sludge based on&#xd;
the Waste Hierarchy Principle (WHP) imposed by European legislation. The effluent generated from&#xd;
the wastewater treatment plant met the discharge standards, however an additional treatment of&#xd;
disinfection is required for the reuse of this water within the cotton wet processing steps. The study&#xd;
conclude the most feasible sludge management, according to the sludge composition, where it is&#xd;
categorized under material recovery (dewatering, landspreading and composting), energy recovery(&#xd;
thermal processes) and disposal (landfill). Based on the WHP route proposed by the legislation and the&#xd;
composition of the sludge generated by the ETP, it was found that due the low organic material&#xd;
content, the most feasible solution is material recovery. Each alternative is analyzed quantitively and&#xd;
qualitative in order to find the most sustainable route.</subfield>
   </datafield>
   <datafield ind2=" " ind1=" " tag="520">
      <subfield code="a">Objectius de Desenvolupament Sostenible::6 - Aigua Neta i Sanejament</subfield>
   </datafield>
   <datafield ind2=" " ind1=" " tag="520">
      <subfield code="a">Objectius de Desenvolupament Sostenible::12 - Producció i Consum Responsables</subfield>
   </datafield>
   <datafield ind2=" " ind1=" " tag="520">
      <subfield code="a">Objectius de Desenvolupament Sostenible::13 - Acció per al Clima</subfield>
   </datafield>
   <datafield tag="653" ind2=" " ind1=" ">
      <subfield code="a">Àrees temàtiques de la UPC::Enginyeria química</subfield>
   </datafield>
   <datafield tag="653" ind2=" " ind1=" ">
      <subfield code="a">Textile waste</subfield>
   </datafield>
   <datafield tag="653" ind2=" " ind1=" ">
      <subfield code="a">Sewage disposal plants</subfield>
   </datafield>
   <datafield tag="653" ind2=" " ind1=" ">
      <subfield code="a">Textile industrial waste</subfield>
   </datafield>
   <datafield tag="653" ind2=" " ind1=" ">
      <subfield code="a">Wastewater treatment plant</subfield>
   </datafield>
   <datafield tag="653" ind2=" " ind1=" ">
      <subfield code="a">Sludge Management</subfield>
   </datafield>
   <datafield tag="653" ind2=" " ind1=" ">
      <subfield code="a">Effluent Management</subfield>
   </datafield>
   <datafield tag="653" ind2=" " ind1=" ">
      <subfield code="a">Residus tèxtils</subfield>
   </datafield>
   <datafield tag="653" ind2=" " ind1=" ">
      <subfield code="a">Aigües residuals -- Plantes de tractament</subfield>
   </datafield>
   <datafield ind2="0" ind1="0" tag="245">
      <subfield code="a">Effective utilization of textile waste</subfield>
   </datafield>
</record></metadata></record></GetRecord></OAI-PMH>